Seis tesis no convencionales sobre participación (Registro nro. 31570)
[ vista simple ]
| 000 -LEADER | |
|---|---|
| fixed length control field | 00335 a2200109 4500 |
| 001 - CONTROL NUMBER | |
| control field | ART_30885 |
| 005 - DATE AND TIME OF LATEST TRANSACTION | |
| control field | 20260410162004.0 |
| 008 - FIXED-LENGTH DATA ELEMENTS--GENERAL INFORMATION | |
| fixed length control field | 260409a |
| 100 1# - MAIN ENTRY--PERSONAL NAME | |
| Personal name | Kliksberg, Bernardo |
| 245 10 - TITLE STATEMENT | |
| Title | Seis tesis no convencionales sobre participación |
| 773 0# - HOST ITEM ENTRY | |
| Title | Instituciones y desarrollo |
| Related parts | - Nº 2 (dic. 1998) |
| Record control number | REV30868 |
No hay ítems disponibles.